[Event "Titled Tuesday intern op 06th Feb Early"]
[Site "Chess.com INT"]
[Date "2024.02.06"]
[Round "10"]
[White "Maksimovic, Bojan"]
[Black "Srihari, LR."]
[Result "1/2-1/2"]
[WhiteElo "2497"]
[BlackElo "2490"]
[PlyCount "90"]
[EventDate "2024.02.06"]
[EventType "swiss (blitz)"]
[EventRounds "11"]
[EventCountry "USA"]
[SourceTitle "CB07_2024"]
[SourceDate "2024.02.14"]
[SourceVersion "1"]
[SourceVersionDate "2024.02.14"]
[SourceQuality "1"]

1. Nf3 d5 2. g3 Nd7 3. d4 Ngf6 4. Bg2 e6 5. 0-0 b5 6. Nbd2 Bb7 7. a4 b4 8. c4 bxc3 9. bxc3 c5 10. a5 Ba6 11. Re1 Be7 12. e4 dxe4 13. Ng5 cxd4 14. Ndxe4 Rc8 15. Nxf7 Kxf7 16. Ng5+ Kg8 17. Nxe6 Qe8 18. cxd4 h6 19. Bf4 Qf7 20. d5 Bb4 21. Bd2 Bxd2 22. Qxd2 Kh7 23. Rac1 Rxc1 24. Rxc1 Rb8 25. Nf4 Ne5 26. Qc2+ Kg8 27. Bh3 Nf3+ 28. Kg2 Ng5 29. Bf5 Nxd5 30. Ng6 Nb4 31. Qb1 Bb7+ 32. Kf1 Ba6+ 33. Kg2 Nc6 34. h4 Rxb1 35. Bxb1 Qf3+ 36. Kg1 Nh3+ 37. Kh2 Qxf2+ 38. Kxh3 Bc8+ 39. g4 Qe3+ 40. Kg2 Qxc1 41. Ba2+ Kh7 42. Nf8+ Kh8 43. Ng6+ Kh7 44. Nf8+ Kh8 45. Ng6+ Kh7 1/2-1/2

[Event "Titled Tuesday intern op 06th Feb Late"]
[Site "Chess.com INT"]
[Date "2024.02.06"]
[Round "2"]
[White "Poltorak, Sebastian"]
[Black "Maksimovic, Bojan"]
[Result "1-0"]
[WhiteElo "2379"]
[BlackElo "2497"]
[PlyCount "117"]
[EventDate "2024.02.06"]
[EventType "swiss (blitz)"]
[EventRounds "11"]
[EventCountry "USA"]
[SourceTitle "CB07_2024"]
[SourceDate "2024.02.14"]
[SourceVersion "1"]
[SourceVersionDate "2024.02.14"]
[SourceQuality "1"]

1. Nc3 g6 2. e4 a6 3. g3 b5 4. Bg2 b4 5. Nce2 Bb7 6. d3 Bg7 7. Nh3 e6 8. 0-0 Ne7 9. Rb1 d5 10. f4 dxe4 11. dxe4 Qxd1 12. Rxd1 Nd7 13. e5 Bxg2 14. Kxg2 Nd5 15. c4 bxc3 16. Nxc3 Nxc3 17. bxc3 Rb8 18. Ba3 Rb6 19. Ng5 Rxb1 20. Rxb1 Bf8 21. Bxf8 Kxf8 22. Rb7 Ke7 23. Rxc7 Rb8 24. Ne4 Rb2+ 25. Kf3 Kd8 26. Ra7 Rxa2 27. Nd6 f5 28. Ke3 Ra3 29. Kd4 Ra4+ 30. c4 Ra1 31. Nf7+ Ke7 32. Ng5 h6 33. Nh7 Kd8 34. Nf6 Rd1+ 35. Kc3 Nc5 36. Kb4 Nd3+ 37. Ka5 Rb1 38. Rd7+ Kc8 39. Rxd3 g5 40. fxg5 hxg5 41. h4 gxh4 42. gxh4 Rh1 43. h5 Kc7 44. Kb4 Kc6 45. Rd6+ Kb7 46. Rxe6 f4 47. Nd5 f3 48. Rb6+ Kc8 49. Rf6 Rxh5 50. e6 Re5 51. Rf8+ Kb7 52. e7 f2 53. Rxf2 Rxd5 54. cxd5 a5+ 55. Kc5 a4 56. e8Q a3 57. Qc6+ Kb8 58. Rf8+ Ka7 59. Ra8# 1-0

[Event "Titled Tuesday intern op 06th Feb Late"]
[Site "Chess.com INT"]
[Date "2024.02.06"]
[Round "7"]
[White "Seder, Mohamad"]
[Black "Maksimovic, Bojan"]
[Result "1/2-1/2"]
[WhiteElo "2077"]
[BlackElo "2497"]
[PlyCount "120"]
[EventDate "2024.02.06"]
[EventType "swiss (blitz)"]
[EventRounds "11"]
[EventCountry "USA"]
[SourceTitle "CB07_2024"]
[SourceDate "2024.02.14"]
[SourceVersion "1"]
[SourceVersionDate "2024.02.14"]
[SourceQuality "1"]

1. e4 c5 2. Nf3 e6 3. c3 d5 4. exd5 Qxd5 5. d4 Nf6 6. Be3 cxd4 7. cxd4 Bd7 8. Nc3 Bb4 9. Bd3 Bb5 10. 0-0 Bxc3 11. bxc3 0-0 12. Rc1 Bxd3 13. Qxd3 b5 14. a4 bxa4 15. c4 Qa5 16. Ne5 Nbd7 17. Bf4 Nxe5 18. Bxe5 Nd7 19. Bd6 Rfd8 20. Ra1 Nb6 21. c5 Nd5 22. Qc4 Nc3 23. Rfc1 Nb5 24. Rxa4 Nxd6 25. Rxa5 Nxc4 26. Rxc4 Rd5 27. Kf1 Kf8 28. Ke2 Rad8 29. Ke3 e5 30. dxe5 Rxe5+ 31. Re4 Red5 32. f3 g6 33. g4 R8d7 34. Kf4 Rc7 35. Rc4 Kg7 36. Ke4 Rdd7 37. c6 Rd6 38. Ra6 Kf6 39. h4 Ke6 40. Rc5 f6 41. f4 Rd1 42. f5+ gxf5+ 43. Rxf5 Rc1 44. Rfa5 Rc4+ 45. Kf3 Rc3+ 46. Kf4 Rc4+ 47. Kf3 Rc3+ 48. Ke2 R3xc6 49. Rxc6+ Rxc6 50. Rxa7 h6 51. Rh7 Rc4 52. Kf3 Rc3+ 53. Kf2 Rc4 54. Rg7 Ke5 55. Rg6 Ra4 56. Kf3 Ra3+ 57. Kf2 Ra4 58. Kf3 Ra3+ 59. Kf2 Ra2+ 60. Kf3 Ra3+ 1/2-1/2

[Event "Titled Tuesday intern op 06th Feb Late"]
[Site "Chess.com INT"]
[Date "2024.02.06"]
[Round "4"]
[White "Sivakumar, Shaaketh"]
[Black "Maksimovic, Bojan"]
[Result "1/2-1/2"]
[WhiteElo "2393"]
[BlackElo "2497"]
[PlyCount "143"]
[EventDate "2024.02.06"]
[EventType "swiss (blitz)"]
[EventRounds "11"]
[EventCountry "USA"]
[SourceTitle "CB07_2024"]
[SourceDate "2024.02.14"]
[SourceVersion "1"]
[SourceVersionDate "2024.02.14"]
[SourceQuality "1"]

1. d4 a6 2. e4 e6 3. Nc3 d5 4. e5 c5 5. Nce2 cxd4 6. Nxd4 Nc6 7. Ngf3 Nge7 8. Bd3 Qc7 9. Qe2 Ng6 10. Nxc6 bxc6 11. h4 f6 12. exf6 gxf6 13. Nd4 e5 14. c4 Bb4+ 15. Kf1 0-0 16. Nf5 e4 17. Nh6+ Kh8 18. Bc2 a5 19. Be3 Ba6 20. b3 Bc3 21. Rd1 d4 22. Bxd4 Bxd4 23. Rxd4 f5 24. h5 Ne5 25. Nxf5 Rxf5 26. Qxe4 Raf8 27. f3 Bc8 28. Qe2 Nxf3 29. gxf3 Rxf3+ 30. Ke1 Qg7 31. Qe4 Qg3+ 32. Kd1 Bf5 33. Qh4 Bxc2+ 34. Kxc2 Qg7 35. Rd2 Qf7 36. Qd4+ Qf6 37. Qxf6+ R3xf6 38. Rhd1 Rh6 39. Rd6 Rxh5 40. Rxc6 Rh2+ 41. Rd2 Rxd2+ 42. Kxd2 Rf2+ 43. Kc3 Rxa2 44. Rc7 h5 45. c5 h4 46. c6 Ra1 47. Kb2 Rg1 48. Ra7 Rg8 49. Rxa5 Rc8 50. Rh5+ Kg7 51. Rxh4 Rxc6 52. Rf4 Kg6 53. b4 Kg5 54. Rf8 Rb6 55. Kb3 Rb7 56. Ka4 Ra7+ 57. Kb5 Rb7+ 58. Kc5 Kg6 59. b5 Kg7 60. Rf2 Rc7+ 61. Kb6 Rc8 62. Ka6 Rb8 63. b6 Ra8+ 64. Kb7 Rf8 65. Ka7 Rxf2 66. b7 Ra2+ 67. Kb6 Rb2+ 68. Ka7 Rc2 69. b8Q Ra2+ 70. Kb7 Rb2+ 71. Ka8 Rxb8+ 72. Kxb8 1/2-1/2

[Event "Titled Tuesday intern op 23rd Jan Late"]
[Site "Chess.com INT"]
[Date "2024.01.23"]
[Round "10"]
[White "Maksimovic, Bojan"]
[Black "Shimanov, Aleksandr"]
[Result "0-1"]
[WhiteElo "2497"]
[BlackElo "2578"]
[PlyCount "74"]
[EventDate "2024.01.23"]
[EventType "swiss (blitz)"]
[EventRounds "11"]
[EventCountry "USA"]
[SourceTitle "CB05_2024"]
[SourceDate "2024.01.31"]
[SourceVersion "1"]
[SourceVersionDate "2024.01.31"]
[SourceQuality "1"]

1. e4 b6 2. d4 Bb7 3. Bd3 e6 4. Nf3 c5 5. c3 Nf6 6. Nbd2 d5 7. e5 Nfd7 8. Qe2 Nc6 9. a3 Be7 10. 0-0 g5 11. b4 g4 12. Ne1 h5 13. b5 Na5 14. f4 Qc7 15. Bb2 0-0-0 16. f5 Bg5 17. Rd1 Kb8 18. a4 Ka8 19. Nc2 c4 20. Nb4 cxd3 21. Qxd3 Nc4 22. Bc1 Ndxe5 23. dxe5 Nxe5 24. Qd4 g3 25. h3 Ng4 26. Nf3 Bf6 27. Qd3 Qc5+ 28. Nd4 Nf2 29. Qe3 Nxd1 30. Rxd1 e5 31. Ndc6 Qc4 32. Nxd8 Rxd8 33. Nd3 e4 34. Ne1 h4 35. Qf4 Qxc3 36. Be3 d4 37. Rc1 Qxe3+ 0-1

[Event "Titled Tuesday intern op 23rd Jan Late"]
[Site "Chess.com INT"]
[Date "2024.01.23"]
[Round "6"]
[White "Maksimovic, Bojan"]
[Black "Trost, Edvin"]
[Result "1-0"]
[WhiteElo "2497"]
[BlackElo "2418"]
[PlyCount "211"]
[EventDate "2024.01.23"]
[EventType "swiss (blitz)"]
[EventRounds "11"]
[EventCountry "USA"]
[SourceTitle "CB05_2024"]
[SourceDate "2024.01.31"]
[SourceVersion "1"]
[SourceVersionDate "2024.01.31"]
[SourceQuality "1"]

1. e4 e6 2. d4 d5 3. Nc3 Bb4 4. e5 Qd7 5. a3 Bxc3+ 6. bxc3 b6 7. a4 Ba6 8. Bxa6 Nxa6 9. Qd3 Nb8 10. Nf3 c5 11. h4 h5 12. Bg5 Ne7 13. 0-0 Nf5 14. Rfb1 c4 15. Qe2 Nc6 16. g3 Rb8 17. Kg2 Rf8 18. Ng1 Rh8 19. Nh3 a5 20. Nf4 g6 21. Bf6 Rh7 22. Nh3 Nce7 23. Ng5 Rh6 24. Nh3 Ng8 25. Bg5 Rh7 26. Rb5 Qc6 27. Rab1 Kd7 28. Kg1 Rh8 29. Qd1 Nge7 30. Bf6 Rhf8 31. R1b2 Nc8 32. Qb1 Kc7 33. Rxa5 Rb7 34. Ra8 Re8 35. Ng5 Rf8 36. Rb5 Ra7 37. Qb4 Rxa8 38. Qxf8 Rxa4 39. Qxf7+ Kb8 40. Rb1 Ra2 41. Nxe6 Nh6 42. Nd8 Nxf7 43. Nxc6+ Kc7 44. Nb4 Ra5 45. Kf1 Nd8 46. Bxd8+ Kxd8 47. Nc6+ Kc7 48. Nxa5 bxa5 49. Rb5 Nb6 50. Rxa5 Kc6 51. Rc5+ Kd7 52. Ke2 Na4 53. Rxd5+ Ke7 54. Kd2 Nb6 55. Rb5 Nd7 56. Rb4 Ke6 57. Rxc4 Kd5 58. Kd3 Nb6 59. Rc5+ Ke6 60. Rc6+ Kf5 61. Rxb6 g5 62. hxg5 h4 63. gxh4 Kg4 64. g6 Kf3 65. g7 Kg2 66. h5 Kf1 67. h6 Ke1 68. h7 Kd1 69. c4 Ke1 70. c5 Kf1 71. d5 Ke1 72. f4 Kf1 73. f5 Ke1 74. f6 Kd1 75. e6 Kc1 76. d6 Kd1 77. c6 Ke1 78. c4 Kf1 79. c5 Kg1 80. c7 Kf1 81. d7 Ke1 82. e7 Kd1 83. f7 Kc1 84. c6 Kd1 85. Rb7 Ke1 86. c8N Kf1 87. d8N Kg1 88. e8N Kh1 89. f8N Kg1 90. g8N Kf1 91. h8Q Kg1 92. c7 Kf1 93. Nce7 Ke1 94. c8N Kd1 95. Nd7 Ke1 96. Ngf6 Kf1 97. Nfd5 Kg1 98. Ndc7 Kf1 99. Rb2 Ke1 100. Kc4 Kd1 101. Kb5 Ke1 102. Ka6 Kf1 103. Kb7 Kg1 104. Kb8 Kf1 105. Ra2 Ke1 106. Qa1# 1-0

[Event "Titled Tuesday intern op 16th Jan Late"]
[Site "Chess.com INT"]
[Date "2024.01.16"]
[Round "4"]
[White "Maksimovic, Bojan"]
[Black "Baltag, Iulian"]
[Result "1-0"]
[WhiteElo "2497"]
[BlackElo "2409"]
[PlyCount "87"]
[EventDate "2024.01.16"]
[EventType "swiss (blitz)"]
[EventRounds "11"]
[EventCountry "USA"]
[SourceTitle "CB04_2024"]
[SourceDate "2023.10.16"]
[SourceVersion "1"]
[SourceVersionDate "2023.10.16"]
[SourceQuality "1"]

1. a3 d5 2. e3 Nf6 3. c4 c6 4. Nf3 Bg4 5. h3 Bh5 6. g4 Bg6 7. Ne5 Nfd7 8. Nxg6 hxg6 9. d4 e6 10. Nc3 dxc4 11. Bxc4 Nb6 12. Be2 N8d7 13. Kf1 Be7 14. Kg2 Qc7 15. Bf3 Rd8 16. Qc2 e5 17. Bd2 exd4 18. exd4 Nf6 19. Rae1 0-0 20. Qd3 Nfd5 21. Re2 Bf6 22. Rhe1 Nf4+ 23. Bxf4 Qxf4 24. Re4 Qd6 25. Rd1 Rfe8 26. b4 a6 27. Rxe8+ Rxe8 28. Ne4 Qf4 29. Nc5 Rd8 30. Qe3 Qxe3 31. fxe3 Nc4 32. Rd3 Re8 33. Kf2 Rxe3 34. Rxe3 Bxd4 35. Nxb7 Nxe3 36. Ke2 Bb6 37. Nc5 Nc2 38. Nxa6 Nxa3 39. Bxc6 Nc2 40. Be4 g5 41. Bxc2 g6 42. Nc5 Kg7 43. Be4 Kf6 44. Nd7+ 1-0

[Event "Titled Tuesday intern op 16th Jan Late"]
[Site "Chess.com INT"]
[Date "2024.01.16"]
[Round "10"]
[White "Maksimovic, Bojan"]
[Black "Gong, Patrick"]
[Result "1-0"]
[WhiteElo "2497"]
[BlackElo "2300"]
[PlyCount "117"]
[EventDate "2024.01.16"]
[EventType "swiss (blitz)"]
[EventRounds "11"]
[EventCountry "USA"]
[SourceTitle "CB04_2024"]
[SourceDate "2023.10.16"]
[SourceVersion "1"]
[SourceVersionDate "2023.10.16"]
[SourceQuality "1"]

1. a3 g6 2. d4 Bg7 3. e4 d6 4. Nc3 a6 5. f4 b5 6. Nf3 Nd7 7. Bd3 c5 8. dxc5 Nxc5 9. Be3 Bb7 10. 0-0 Rc8 11. Qe2 Nf6 12. Bxc5 Rxc5 13. e5 Nh5 14. e6 f5 15. Ng5 Qb6 16. Kh1 0-0 17. Rae1 Rfc8 18. Nd1 b4 19. axb4 Qxb4 20. c3 Qa4 21. Qd2 Nf6 22. Ne3 Qb3 23. Nc2 Qxb2 24. Rb1 Qxc3 25. Qxc3 Rxc3 26. Rxb7 Rxd3 27. Ne1 Rd1 28. Rxe7 Nd5 29. Rd7 Ne3 30. Rg1 Re8 31. e7 Bf6 32. Nef3 Rxe7 33. Rxd1 Rxd7 34. Rb1 Bxg5 35. Nxg5 h6 36. Rb8+ Kg7 37. Ne6+ Kf6 38. Nd4 g5 39. fxg5+ hxg5 40. Kg1 f4 41. Rb6 Ke5 42. Nf3+ Kf5 43. Rxa6 g4 44. Nd4+ Ke4 45. Ra4 Ke5 46. Nc6+ Kf5 47. Nd4+ Kg5 48. Ne6+ Kf5 49. Nxf4 Rc7 50. Ne2 Kg5 51. Kf2 Nf5 52. Ra5 Rc5 53. Ra8 Rc2 54. Rg8+ Kf6 55. Rxg4 d5 56. Ke1 d4 57. Rf4 d3 58. Rxf5+ Kxf5 59. Nd4+ 1-0

[Event "Titled Tuesday intern op 16th Jan Late"]
[Site "Chess.com INT"]
[Date "2024.01.16"]
[Round "8"]
[White "Maksimovic, Bojan"]
[Black "Martin Fuentes, Alberto"]
[Result "1-0"]
[WhiteElo "2497"]
[BlackElo "2376"]
[PlyCount "87"]
[EventDate "2024.01.16"]
[EventType "swiss (blitz)"]
[EventRounds "11"]
[EventCountry "USA"]
[SourceTitle "CB04_2024"]
[SourceDate "2023.10.16"]
[SourceVersion "1"]
[SourceVersionDate "2023.10.16"]
[SourceQuality "1"]

1. e4 e6 2. d4 d5 3. Nc3 Bb4 4. e5 Ne7 5. a3 Bxc3+ 6. bxc3 b6 7. f4 Ba6 8. Bxa6 Nxa6 9. Qd3 Nb8 10. Nf3 Nbc6 11. 0-0 Na5 12. Be3 Qd7 13. Bf2 0-0-0 14. a4 Nc4 15. a5 Nc6 16. a6 h6 17. Bh4 Rdg8 18. Kh1 N6a5 19. Rfb1 Kb8 20. Be1 g5 21. Bd2 g4 22. Nh4 Nc6 23. Rf1 Ne7 24. f5 Nxd2 25. Qxd2 Nxf5 26. Nxf5 exf5 27. Rf4 Rg5 28. Raf1 Rhg8 29. Qd3 Qa4 30. g3 h5 31. Rxf5 Rxf5 32. Rxf5 h4 33. gxh4 Rh8 34. Rxf7 Qe8 35. Qf5 Qc8 36. e6 Qxa6 37. Rf8+ Rxf8 38. Qxf8+ Kb7 39. e7 Qa1+ 40. Kg2 Qxc3 41. e8Q Qxc2+ 42. Qf2 Qe4+ 43. Qxe4 dxe4 44. Qe3 1-0

[Event "Titled Tuesday intern op 16th Jan Late"]
[Site "Chess.com INT"]
[Date "2024.01.16"]
[Round "11"]
[White "Novik, Maxim"]
[Black "Maksimovic, Bojan"]
[Result "0-1"]
[WhiteElo "2399"]
[BlackElo "2497"]
[PlyCount "96"]
[EventDate "2024.01.16"]
[EventType "swiss (blitz)"]
[EventRounds "11"]
[EventCountry "USA"]
[SourceTitle "CB04_2024"]
[SourceDate "2023.10.16"]
[SourceVersion "1"]
[SourceVersionDate "2023.10.16"]
[SourceQuality "1"]

1. e4 a6 2. d4 e6 3. Nf3 d5 4. e5 c5 5. c3 Bd7 6. Be2 cxd4 7. cxd4 Bb5 8. Nc3 Bb4 9. 0-0 Bxc3 10. Bxb5+ axb5 11. bxc3 Nc6 12. Qd3 Ra5 13. Rb1 Qb6 14. a4 Rxa4 15. Rxb5 Qa6 16. Qb1 Na5 17. Rb6 Qc4 18. Rxb7 Nxb7 19. Qxb7 Ne7 20. Bg5 Nc8 21. Nd2 Qa6 22. Qb1 0-0 23. Qd1 Nb6 24. Qg4 Kh8 25. Nf3 Ra1 26. Nd2 Rxf1+ 27. Nxf1 Qd3 28. h4 Nc4 29. Ng3 h6 30. Be7 Re8 31. Bc5 Nd2 32. Qf4 Kg8 33. Kh2 Nf1+ 34. Nxf1 Qxf1 35. Qg3 Qb1 36. Bb4 Qf5 37. f3 Ra8 38. Qg4 Qb1 39. h5 Ra1 40. Qh4 Qf5 41. Qg4 Qb1 42. Be7 Qg1+ 43. Kg3 Qe1+ 44. Kh2 Qg1+ 45. Kg3 Ra2 46. Kh3 Qh1+ 47. Kg3 Rxg2+ 48. Kf4 Qc1# 0-1